| 000 | 00417nam a2200169 a 4500 | ||
|---|---|---|---|
| 001 | 13332 | ||
| 003 | CO-ViMGA | ||
| 008 | 141112s2004 ck r 000 u spa d | ||
| 040 |
_aCO-ViMGA _bspa _cCO-ViMGA |
||
| 082 | 0 | 4 | _aPe864 D461p |
| 100 | 1 |
_aDi Paol, Rossella _919529 |
|
| 245 | 1 | 0 | _aPiel alzada |
| 260 |
_aLima : _bEditorial Colmillo Blanco, _c1993 |
||
| 300 | _a93 | ||
| 650 | 1 | 4 | _aPOESIA PERUANA |
| 942 |
_2ddc _cBK |
||
| 999 |
_c24080 _d24080 |
||